00474nam a22001817a 450000100060000000300080000600500170001400800410003103500190007204000260009104100080011708200260012510000210015124500470017226000410021930000200026065000120028077181BD-RjUL20211209082935.0200301s1954 pk ||||| |||| 00| 0 eng d a(BD-RjUL)77405 aBD-RjULbengcBD-RjUL aeng 223a796.358bBUP 1954 aButt, Qamaruddin apakistan on cricket map /cQamaruddin Butt aKarachi :bGovt. of Pakistan,c1954. a218 p.;c21 cm. aCricket